=LDR 00000nam 2200000 4500 =001 INLIS000000000010360 =005 20200313012839 =035 ##$$a 0010-061300000010360 =008 200313################g##########0#ind## =041 ##$$a Ind =082 ##$$a 297.64 =090 ##$$a297.64.jam =100 1#$$a Jamal, Ahmad Muhammad =245 1#$$a Sisi-sisi keagungan wanita, episode kehidupan para muslimah teladan /$c Ahmad Muhammad Jamal =260 ##$$a Jakarta :$b Senayan Abadi Publishing,$c 2003 =300 ##$$a viii, 110 hlm, ilus, 19 cm : $b Ilus. ; $c 13 x 19 cm =650 #4$$a Kedudukan Wanita =850 ##$$a NBPNMAT =020 ##$$a 979-97241-2-0 =084 ##$$a 297.64 JAM s =250 ##$$a cet.1 =990 ##$$a 00090384 =990 ##$$a 30709294 =990 ##$$a 30709295 =990 ##$$a 03740374 =990 ##$$a 103.5966 =990 ##$$a 00090384 =990 ##$$a 30709294 =990 ##$$a 30709295